Jail journal : commenced on board the "Shearwater" steamer, in Dublin Bay, continued at Spike Island, on board the "Scourge" war steamer, on board the "Dromedary" hulk, Bermuda, on board the "Neptune" convict ship, at Pernambuco, at the Cape of Good Hope (during the anti-convict rebellion), at Van Diemen's Land, at Sydney, at Tahiti, at San Francisco, at Graytown, and concluding at no. 3 pier, North River, New York. With an introductory narrative of transactions in Ireland /

Saved in:
Bibliographic Details
Main Author: Mitchel, John, 1815-1875
Other Authors: Griffith, Arthur, 1872-1922
Format: Book
Language:English
Published: Dublin : M. H. Gill, [191-?]
Edition:Original ed., with a continuation of the journal in New York and Paris, a preface, appendices, and illustrations.
Subjects:
LEADER 02079nam a2200361 a 4500
001 c000327297
003 CARM
005 20000927200600.0
008 771221q19131919ie fch 001 0aeng d
019 1 |a 955394  |z 20018330  |z 20037868  |5 LACONCORD2021 
035 |a (OCoLC)3301190  |5 LACONCORD2021 
040 |a 0007  |b eng  |c 0007  |d ANL 
043 |a e-ie---  |a e-uk---  |a u-at-tm 
050 4 |a DA952.M6  |b A3 
050 0 0 |a DA952.M6  |b A3 1940 
082 1 4 |a 941.5081  |2 19 
082 1 |a 941.5081  |2 19 
100 1 |a Mitchel, John,  |d 1815-1875. 
245 1 0 |a Jail journal :  |b commenced on board the "Shearwater" steamer, in Dublin Bay, continued at Spike Island, on board the "Scourge" war steamer, on board the "Dromedary" hulk, Bermuda, on board the "Neptune" convict ship, at Pernambuco, at the Cape of Good Hope (during the anti-convict rebellion), at Van Diemen's Land, at Sydney, at Tahiti, at San Francisco, at Graytown, and concluding at no. 3 pier, North River, New York. With an introductory narrative of transactions in Ireland /  |c by John Mitchel. 
250 |a Original ed., with a continuation of the journal in New York and Paris, a preface, appendices, and illustrations. 
260 |a Dublin :  |b M. H. Gill,  |c [191-?] 
300 |a xlvii, 463 p. :  |b plates, ports., facsim. ;  |c 22 cm. 
500 |a Preface signed: Arthur Griffith. 
500 |a "The present edition is reprinted from 'The Citizen,' Mitchel's first New York newspaper, in which the 'Jail journal' was originally published, from January 14th, 1854, to August 19th, 1854" 
500 |a Includes "John Mitchel : a biographical sketch" not in 1913 ed. 
500 |a Includes index. 
650 0 |a Prisons  |z Great Britain. 
651 0 |a Ireland  |x Politics and government  |y 19th century. 
651 0 |a Tasmania  |x Description and travel. 
700 1 |a Griffith, Arthur,  |d 1872-1922. 
852 8 |b CARM  |h A1:AO10G0  |i B08316  |p 0405272  |f BK 
999 f f |i 7febe996-efb7-5747-8382-07c3565c9569  |s 83838e73-fb2f-5de2-927d-61e19ea1ca58 
952 f f |p Can circulate  |a CAVAL  |b CAVAL  |c CAVAL  |d CARM 1 Store  |e B08316  |f A1:AO10G0  |h Other scheme  |i book  |m 0405272